Advanced engineering mathematics / (Record no. 29379)

000 -LEADER
fixed length control field 00467 a2200169 4500
003 - CONTROL NUMBER IDENTIFIER
control field NUST
005 - DATE AND TIME OF LATEST TRANSACTION
control field 20180118141534.0
008 - FIXED-LENGTH DATA ELEMENTS--GENERAL INFORMATION
fixed length control field 180118b xxu||||| |||| 00| 0 eng d
020 ## - INTERNATIONAL STANDARD BOOK NUMBER
International Standard Book Number 076374591X
020 ## - INTERNATIONAL STANDARD BOOK NUMBER
International Standard Book Number 9780763745912
082 04 - DEWEY DECIMAL CLASSIFICATION NUMBER
Classification number 620.00151
100 1# - MAIN ENTRY--PERSONAL NAME
Personal name Zill, Dennis G.
9 (RLIN) 1266
245 10 - TITLE STATEMENT
Title Advanced engineering mathematics /
Statement of responsibility, etc. Dennis G. Zill, Michael R. Cullen.
250 ## - EDITION STATEMENT
Edition statement 3rd ed.
260 ## - PUBLICATION, DISTRIBUTION, ETC.
Place of publication, distribution, etc. [S.l.] :
Name of publisher, distributor, etc. Jones & Bartlett Publishers,
Date of publication, distribution, etc. 2006.
300 ## - PHYSICAL DESCRIPTION
Extent 1020 p. ;
Dimensions 28 cm.
700 ## - ADDED ENTRY--PERSONAL NAME
Personal name Cullen, M
9 (RLIN) 8812
942 ## - ADDED ENTRY ELEMENTS (KOHA)
Institution code [OBSOLETE] SNS
Koha item type Book
Call number prefix 620.00151 ZIL
Source of classification or shelving scheme
Holdings
Withdrawn status Lost status Damaged status Not for loan Permanent Location Current Location Date acquired Total Checkouts Full call number Barcode Date last seen Date last checked out Price effective from Koha item type Source of classification or shelving scheme Shelving location
        School of Natural Sciences (SNS) School of Natural Sciences (SNS) 05/26/2016 1 620.00151 ZIL SNS0001580 10/09/2019 10/31/2017 05/26/2016 Book    
        School of Natural Sciences (SNS) School of Natural Sciences (SNS) 05/26/2016   620.00151 ZIL SNS0000917 08/27/2019   05/26/2016 Book    
        School of Natural Sciences (SNS) School of Natural Sciences (SNS) 05/26/2016   620.00151 ZIL SNS0001581 08/27/2019   05/26/2016 Book    
        School of Natural Sciences (SNS) School of Natural Sciences (SNS) 05/26/2016 2 620.00151 ZIL SNS0001582 01/02/2026 09/11/2025 05/26/2016 Book    
        School of Natural Sciences (SNS) School of Natural Sciences (SNS) 05/26/2016 1 620.00151 ZIL SNS0001583 08/27/2019 10/11/2017 05/26/2016 Book    
        School of Natural Sciences (SNS) School of Natural Sciences (SNS) 05/26/2016   620.00151 ZIL SNS0001584 08/27/2019   05/26/2016 Book    
        School of Natural Sciences (SNS) School of Natural Sciences (SNS) 05/26/2016   620.00151 ZIL SNS0001585 08/27/2019   05/26/2016 Book    
      Not For Loan School of Natural Sciences (SNS) School of Natural Sciences (SNS) 05/26/2016   620.00151 ZIL SNS0001586 05/26/2016   05/26/2016 Book   Reference
        School of Natural Sciences (SNS) School of Natural Sciences (SNS) 05/26/2016 1 620.00151 ZIL SNS0001588 08/03/2021 11/09/2018 05/26/2016 Book    
        School of Natural Sciences (SNS) School of Natural Sciences (SNS) 05/26/2016 3 620.00151 ZIL SNS0001587 01/02/2026 12/17/2025 05/26/2016 Book    
        School of Natural Sciences (SNS) School of Natural Sciences (SNS) 05/26/2016   620.00151 ZIL SNS0001589 05/26/2016   05/26/2016 Book    
© 2023 Central Library, National University of Sciences and Technology. All Rights Reserved.